<?xml version="1.0" encoding="UTF-8"?>
<collection xmlns="http://www.loc.gov/MARC21/slim">
  <record>
    <leader>00000nam  2200000   4500</leader>
    <controlfield tag="001">INLIS000000000020337</controlfield>
    <controlfield tag="005">20250613023553</controlfield>
    <datafield tag="035" ind1="#" ind2="#">
      <subfield code="a">0010-0625000079</subfield>
    </datafield>
    <controlfield tag="007">ta</controlfield>
    <controlfield tag="008">250613################|##########|#|##</controlfield>
    <datafield tag="084" ind1="#" ind2="#">
      <subfield code="a">R 0035 PKN I 2024</subfield>
    </datafield>
    <datafield tag="100" ind1=" " ind2="#">
      <subfield code="a">Ely Kusumastuti</subfield>
    </datafield>
    <datafield tag="245" ind1="1" ind2="#">
      <subfield code="a">Strategi Penguatan APIP untuk Pencegahan Korupsi Pada Penyelenggaraan Pemerintah Daerah Melalui Kebijakan Kolaborasi KPK, Kemendagri dan BPKP /</subfield>
      <subfield code="c">Ely Kusumastuti</subfield>
    </datafield>
    <datafield tag="260" ind1="#" ind2="#">
      <subfield code="a">Jakarta :</subfield>
      <subfield code="b">Pusbangkom Pimnas dan Manajerial ASN,</subfield>
      <subfield code="c">2024</subfield>
    </datafield>
    <datafield tag="300" ind1="#" ind2="#">
      <subfield code="a">158 hlm. ;</subfield>
      <subfield code="c">30 cm</subfield>
    </datafield>
    <datafield tag="650" ind1="#" ind2="4">
      <subfield code="a">Pencegahan Korupsi</subfield>
    </datafield>
    <datafield tag="520" ind1="#" ind2="#">
      <subfield code="a">APIP (Aparat Pengawasan Internal Pemerintah) menjadi mitra strategis KPK karena merupakan ujung tombak dalam melakukan pencegahan korupsi pemerintah daerah. Dalam upaya koordinasi pencegahan tindak pidana korupsi pada penyelenggaraan pemerintah daerah, APIP memiliki peran yang strategis untuk memperkuat efektivitas sistem pengendalian internal guna mewujudkan pemerintah yang efektif, efisien, dan akuntabel</subfield>
    </datafield>
    <datafield tag="990" ind1="#" ind2="#">
      <subfield code="a">2024/1.2.1/A/0035</subfield>
    </datafield>
  </record>
</collection>
